000 00300nam a22001337a 4500
008 230704b xxu||||| |||| 00| 0 eng d
020 _a0406946728
082 _a340
_bHAR
100 _cPhil Harris
245 _aAn Introduction to Law
260 _bButterworths
300 _a521p
942 _2ddc
_cBK
999 _c3668
_d3668